Statistics for All Countries Losing Population

Click here to take the quiz!

General Stats

  • This quiz has been taken 37 times
  • The average score is 25 of 33

Answer Stats

% LostCountry% Correct
-0.85Japan
100%
-7.89Ukraine
100%
-0.49Italy
97%
-0.18Russia
97%
-0.39Belarus
90%
-2.47Bulgaria
90%
-0.57Croatia
90%
-1.01Serbia
90%
-0.28Spain
90%
-0.24Germany
87%
-0.66Greece
87%
-1.19Latvia
87%
-1.28Lithuania
87%
-0.12Romania
87%
-0.05Slovakia
87%
-0.02Slovenia
87%
-0.70Bosnia and Herzegovina
84%
-0.02China
81%
-0.01Czech Republic
81%
-0.25Estonia
81%
-0.11Montenegro
81%
-0.41Portugal
81%
-0.35Albania
77%
-0.38North Macedonia
77%
-0.14South Korea
77%
-0.09Armenia
71%
-0.43Georgia
71%
-1.39Lebanon
45%
-0.45Monaco
45%
-0.19Cuba
42%
-0.07San Marino
39%
-0.08Jamaica
26%
-0.53Maldives
16%

Score Distribution

Percentile by Number Answered

Percent of People with Each Score

Your Score History

You have not taken this quiz